South Eastern Kenya University

Library Online Public Access Catalogue


Instructor's resources manual to accompany Finite Mathematics (Record no. 6639)

MARC details
000 -LEADER
fixed length control field 00410nam a2200133 4500
020 ## - ISBN
International Standard Book Number 0618372237
050 ## - LIBRARY OF CONGRESS CALL NUMBER
Classification Number 39.2
Item Number .B4 2005
100 ## - MAIN ENTRY--Author
Personal name Berresford, Geoffrey
245 ## - TITLE
Title Instructor's resources manual to accompany Finite Mathematics
Statement of responsibility, etc Geoffrey Berresford, Andrew Rockets, Deana Richmond
300 ## - PHYSICAL DESCRIPTION
Extent 626p.:
650 ## - SUBJECT--TOPIC
Topical term following geographic name as entry element Mathematics
700 ## - ADDED ENTRY--PERSONAL AUTHOR
Personal Name Rockets, Andrew
-- Richmond , Deana
942 ## - ADDED ENTRY ELEMENTS(KOHA)
Source of classification or shelving scheme Library of Congress Classification
Koha item type General circulation
Holdings
Source of classification or shelving scheme Not for loan Location (home branch) Sublocation (holding branch) Date accessioned Full call number Barcode Koha item type Public note
Library of Congress Classification   Main Campus Library Main Campus Library 22/07/2015 QA 39.2 .B4 2005 2015/003937 General circulation smo
Kitui, Kenya.
+254736116989
library@seku.ac.ke